000 00718nam a22001937a 4500
003 OSt
005 20250820014931.0
008 250820b |||||||| |||| 00| 0 eng d
020 _a0-13-089452-4.
040 _aDWCL MAIN LIB
_cOC
082 _aCirc. 641.594209031 Z99e 2000
100 _aZYVATKAUSKAS, BETTY
245 _aEating Shakespeare :
_brecipes and more from the bond's kitchen /
_cZYVATKAUSKAS, BETTY
260 _aToronto :
_bA Pearson Company,
_cc2000.
300 _axiii, 226 pages :
_billustrations ;
_c21cm.
504 _aIncludes index.
648 _2Cooking, English. 2. Cooking, English--History--16th century. 3. Food habits--England--History--16th century.
942 _2ddc
_cBK-CIRC
_kCirc.
_n0
999 _c4096
_d4096